Szczegóły MARC21

Materiały z sesji naukowej Uniwersytetu im. Adama Mickiewicza w Poznaniu poświęconej sprawom pedagogiczno-dydaktycznym szkoły wyższej /

003 -Nazwa inst., której nr kontr. jest w polu 001 [,]
    • @
    • Nazwa instytucji, której n kontrolny jest w polu 001
    • NUKAT
005 -DATA I CZAS OSTATNIEJ MODYFIKACJI [,]
    • @
    • pole kontrolne
    • 20241231095553.0
040 -Instytucja sporządzająca opis [ , ]
    • a
    • Instytucja, która sporządziła opis (NP)
    • TOR U/PDJR
    • c
    • Instytucja, która sporządziła rekord (NP)
    • TOR U/PDJR
    • d
    • Instytucja, która zmodyfikowała rekord (P)
    • TOR U/AP
    • d
    • Instytucja, która zmodyfikowała rekord (P)
    • KIEL 010/EAs
942 -Rodzaj dokumentu [ , ]
    • c
    • Rodzaj dokumentu
    • Książka
245 -Strefa tytułu i oznaczenia odpowiedzialności [0,0]
    • a
    • Tytuł
    • Materiały z sesji naukowej Uniwersytetu im. Adama Mickiewicza w Poznaniu poświęconej sprawom pedagogiczno-dydaktycznym szkoły wyższej / Find
    • c
    • Pozostałe elementy strefy tytułu i oznaczenia odpowiedzialności (NP)
    • [red. tomu Stanisław Kowalski] ; Uniwersytet im. Adama Mickiewicza w Poznaniu.
260 -Strefa adresu wydawniczego [ , ]
    • a
    • Miejsce wydania (P)
    • Poznań :
    • b
    • Nazwa wydawcy (P)
    • Uniwersytet im. Adama Mickiewicza,
    • c
    • Data wydania (P)
    • 1965.
300 -Strefa opisu fizycznego [ , ]
    • a
    • Określenie formy książki i/lub objętość (NP)
    • 588 s., [10] k. tabl. złoż. :
    • b
    • Oznaczenie ilustracji (NP)
    • il. ;
    • c
    • Format (NP)
    • 23 cm.
336 -Typ zawartości [ , ]
    • a
    • Termin opisujący typ zawartości
    • Tekst
    • b
    • Kod określający zawartość
    • txt
    • 2
    • Źródło (terminu i kodu)
    • rdacontent
337 -Typ mediów [ , ]
    • a
    • Tryb odtwarzania
    • Bez urządzenia pośredniczącego
    • b
    • Kod typu mediów
    • n
    • 2
    • Źródło (terminu i kodu)
    • rdamedia
338 -Typ/rodzaj nośnika [ , ]
    • a
    • Hasło opisujące typ nośnika
    • Wolumin
    • b
    • Kod typu nośnika
    • nc
    • 2
    • Źródło (terminu i kodu)
    • rdacarrier
490 -Strefa serii i książki wielotomowej - forma nie do wyszukiwania [1, ]
    • a
    • Tytuł (P)
    • Prace Wydziału Filozoficzno-Historycznego / Uniwersytet im. Adama Mickiewicza w Poznaniu. Seria Psychologia-Pedagogika ; Find
    • v
    • Numeracja (P)
    • nr 10
830 -Hasło dodatkowe serii i opisu książki wielotomowej - tytuł ujednolicony/tytuł [ ,0]
    • a
    • Tytuł ujednolicony/tytuł (NP)
    • Prace Wydziału Filozoficzno-Historycznego - Uniwersytet im. Adama Mickiewicza w Poznaniu.
    • p
    • Nazwa części/podserii/sekcji (P)
    • Seria Psychologia i Pedagogika
    • x
    • ISSN
    • 0860-1380
    • v
    • Oznaczenie tomu (NP)
    • nr 10
    • 9
    • KHW
    • 44792
504 -Uwaga dot. bibliogr. załącznikowej [ , ]
    • a
    • Uwaga dot. bibliografii załącznikowej
    • Bibliogr. w przyp.
080 -Uniwersalna Klasyfikacja Dziesiętna [ , ]
    • 2
    • Identyfikator wydania tablic
    • UDC-P058
    • 9
    • UKD
    • 3949
    • a
    • Symbol klasyfikacji
    • 378.091.3
    • b
    • Dopowiedzenie
    • Metodyka nauczania w szkole wyższej. Dydaktyka szkoły wyższej.
080 -Uniwersalna Klasyfikacja Dziesiętna [ , ]
    • 2
    • Identyfikator wydania tablic
    • UDC-P058
    • 9
    • UKD
    • 2218
    • a
    • Symbol klasyfikacji
    • 005.745(06)
    • b
    • Dopowiedzenie
    • Sprawozdania z konferencji, kongresów. Materiały konferencyjne.
650 -Hasło przedmiotowe [ ,7]
    • a
    • Hasło przedmiotowe
    • Nauczanie akademickie
    • z
    • Określnik geograficzny
    • Polska
    • v
    • Określnik formalny
    • konferencje.
    • 2
    • Źródło terminu
    • kaba
    • 9
    • KHW
    • 364645
980 -Symbol UKD [ , ]
    • a
    • UKD
    • 378.091.3:005.745(06)
700 -Hasło dodatkowe - nazwa osobowa [1, ]
    • a
    • Nazwa osobowa (NP)
    • Kowalski, Stanisław Find
    • d
    • Daty biograficzne (NP)
    • (1904-1990).
    • e
    • Określenie rodzaju współpracy
    • Red.
    • 9
    • KHW
    • 240802
931 -Powiązanie tyt. z wydaw. ciągłym [ , ]
    • a
    • Powiązanie tytułówki z wydaw. ciągłym
    • PATRZ WYDAWNICTWO CIĄGŁE
    • z
    • Numer rek. powiązanego
    • 119467